<?xml version="1.0" encoding="UTF-8"?>
<record
    xmlns:xsi="http://www.w3.org/2001/XMLSchema-instance"
    xsi:schemaLocation="http://www.loc.gov/MARC21/slim http://www.loc.gov/standards/marcxml/schema/MARC21slim.xsd"
    xmlns="http://www.loc.gov/MARC21/slim">

  <leader>01802nam a2200301   4500</leader>
  <controlfield tag="001">113453</controlfield>
  <controlfield tag="003">DR-UNIBE</controlfield>
  <controlfield tag="005">20250416093554.0</controlfield>
  <controlfield tag="008">250415b2010    ec ||||| |||| 00| 0 spa d</controlfield>
  <datafield tag="020" ind1=" " ind2=" ">
    <subfield code="a">9789942030870</subfield>
  </datafield>
  <datafield tag="040" ind1=" " ind2=" ">
    <subfield code="a">BIBLIOTECA UNIBE</subfield>
    <subfield code="b">spa</subfield>
    <subfield code="c">BIBLIOTECA UNIBE</subfield>
    <subfield code="e">rda</subfield>
  </datafield>
  <datafield tag="041" ind1=" " ind2=" ">
    <subfield code="a">spa</subfield>
  </datafield>
  <datafield tag="082" ind1=" " ind2=" ">
    <subfield code="2">22</subfield>
    <subfield code="a">342 P299d</subfield>
  </datafield>
  <datafield tag="100" ind1=" " ind2="0">
    <subfield code="a">Pazmi&#xF1;o Freire, Patricio,</subfield>
    <subfield code="d">1957-</subfield>
    <subfield code="q">(Pazmi&#xF1;o Freire, Leoncio Patricio)</subfield>
    <subfield code="e">autor</subfield>
    <subfield code="9">194262</subfield>
  </datafield>
  <datafield tag="245" ind1="1" ind2="0">
    <subfield code="a">Descifrando caminos :</subfield>
    <subfield code="b">Del activismo social a la Justicia Constitucional /</subfield>
    <subfield code="c">Patricio Pazmi&#xF1;o Freire; presentaci&#xF3;n: Adri&#xE1;n Bonilla Soria; edici&#xF3;n: Santiago Rubio; dise&#xF1;o de portada e interiores: Antonio Mena</subfield>
  </datafield>
  <datafield tag="250" ind1=" " ind2=" ">
    <subfield code="a">Primera edici&#xF3;n</subfield>
  </datafield>
  <datafield tag="260" ind1=" " ind2=" ">
    <subfield code="a">Quito:</subfield>
    <subfield code="b">FLACSO Ecuador, </subfield>
    <subfield code="c">2010</subfield>
  </datafield>
  <datafield tag="300" ind1=" " ind2=" ">
    <subfield code="a">231 p&#xE1;ginas :</subfield>
    <subfield code="c">20 x 14 cm</subfield>
  </datafield>
  <datafield tag="500" ind1=" " ind2=" ">
    <subfield code="a">Informaci&#xF3;n del autor en las solapas</subfield>
  </datafield>
  <datafield tag="505" ind1=" " ind2=" ">
    <subfield code="a">Presentaci&#xF3;n |
Pr&#xF3;logo |
Agradecimientos |
Cap&#xED;tulo I. Los derechos econ&#xF3;micos sociales y culturales (DESC) y las instituciones financieras internacionales: una relaci&#xF3;n compleja |
Cap&#xED;tulo II. La Constituci&#xF3;n como instrumento de transformaci&#xF3;n |
Cap&#xED;tulo III. La participaci&#xF3;n ciudadana y la transformaci&#xF3;n profunda, pac&#xED;fica y democracia |
Cap&#xED;tulo IV. Derechos controversiales en una democracia constitucional |
Cap&#xED;tulo V. La justiciabilidad de los derechos constitucionales:&#xBF;meta o camino? |
Cap&#xED;tulo VI. Debare urgente para una democracia emergente. Dialogando con el neopositivismo |
Bibliograf&#xED;a |
Anexos
 </subfield>
  </datafield>
  <datafield tag="650" ind1=" " ind2="7">
    <subfield code="2">lemb</subfield>
    <subfield code="a">Derecho constitucional</subfield>
  </datafield>
  <datafield tag="650" ind1=" " ind2="7">
    <subfield code="2">lemb</subfield>
    <subfield code="a">Derechos humanos</subfield>
  </datafield>
  <datafield tag="650" ind1=" " ind2="7">
    <subfield code="2">lemb</subfield>
    <subfield code="a">Derechos civiles</subfield>
  </datafield>
  <datafield tag="700" ind1="1" ind2="0">
    <subfield code="a">Bonilla Soria, Adri&#xE1;n</subfield>
    <subfield code="9">194263</subfield>
    <subfield code="e">presentador</subfield>
  </datafield>
  <datafield tag="700" ind1="1" ind2="0">
    <subfield code="a">Rubio, Santiago</subfield>
    <subfield code="9">194264</subfield>
    <subfield code="e">editor</subfield>
  </datafield>
  <datafield tag="700" ind1="1" ind2="0">
    <subfield code="a">Mena, Antonio</subfield>
    <subfield code="9">194265</subfield>
    <subfield code="e">dise&#xF1;ador de portada</subfield>
  </datafield>
  <datafield tag="942" ind1=" " ind2=" ">
    <subfield code="2">ddc</subfield>
    <subfield code="c">BK</subfield>
  </datafield>
  <datafield tag="999" ind1=" " ind2=" ">
    <subfield code="c">113453</subfield>
    <subfield code="d">113453</subfield>
  </datafield>
  <datafield tag="952" ind1=" " ind2=" ">
    <subfield code="0">0</subfield>
    <subfield code="1">0</subfield>
    <subfield code="2">ddc</subfield>
    <subfield code="7">0</subfield>
    <subfield code="8">GEN</subfield>
    <subfield code="a">Principal</subfield>
    <subfield code="d">2025-03-03</subfield>
    <subfield code="l">0</subfield>
    <subfield code="o">342 P299d</subfield>
    <subfield code="p">250361</subfield>
    <subfield code="r">2025-04-15 10:25:32</subfield>
    <subfield code="t">Ej. 1</subfield>
    <subfield code="w">2025-04-15</subfield>
    <subfield code="y">BK</subfield>
  </datafield>
</record>
